| 000 | 02601nam a22002177a 4500 | ||
|---|---|---|---|
| 999 |
_c13206 _d13206 |
||
| 003 | OSt | ||
| 005 | 20211015134655.0 | ||
| 008 | 190212b ||||| |||| 00| 0 eng d | ||
| 040 | _cUM Digos College | ||
| 082 |
_22018 _aUT 1208 _bA32 |
||
| 100 |
_aAlbania, Regie A. _936931 |
||
| 245 |
_aMicrobiological analysis of spigot surfaces in drinking water fountains/ _cRegie A. Albania, Heltrod Jr. L. De Leon, and Maybelle T. Camansi. |
||
| 260 |
_aDigos City: _bUMDC _cNove,ber 2018 |
||
| 300 |
_a78 pages. _c30 cm. |
||
| 520 | _aAlbania, R., De Leon, H.JR., & Camansi, M.L. (November 2018). Microbiological Analysis of Spigot in Drinking Water Fountains. Digos City: University of Mindanao. This study is conducted to identify the count, gram stain, and cell morphology of microorganism existing in four drinking water fountains in UM Digos College namely; Gymnasium Drinking Water Fountain, Microbiology Drinking Water Fountain, Psychology Drinking Water Fountain, and Canteen Drinking Water Fountain. The sampling method used was collective sampling because sample were accumulated within August 20, 2018, August 22, 2018, and August 24, 2018 with a total of three samples to ensure its similarity or difference. The study aims at figurative out the grams stain reaction and cell morphology of microorganism using the process of grams staining technique. The target cell morphology was the following; Bacillus, Bacilli in Pair, Bacilli in Chain, Bacilli in Cluster, Coccus in Pair, Cocci in Chain, and Cocci in Cluster which will determine the current condition of the drinking water fountains if it safe for student utilization. Under the umbrella of quantitative experimental research design, the conduct of this study was eyed at extracting data using microbiologist and medical technologist to acquire valid, reliable, and accurate analysis. The findings in terms of physical appearance of drinking water fountains is unclear and unclear. In terms of gram stain reaction, all of the indicators were present. In terms of cell morphology, all of the indicators were present which eventually implies that the drinking water fountains in UM Digos College is unsafe and not potable for the students and employees’ consumption. Keywords: Microbiological Analysis, Microbial Count, Grant Stain, Cell Morphology, Drinking Water Fountain. Locator: UT 1208/A32/2018 | ||
| 650 |
_aEducation _vBiological Science _xUndergraduate thesis _936932 |
||
| 700 |
_aAlbania, Regie A. _936931 |
||
| 700 |
_aDe Leon, Heltrod Jr. L. _936933 |
||
| 700 |
_aCamansi, Maybelle T. _936934 |
||
| 942 |
_2ddc _cUT |
||